The psychic being : (Record no. 133537)

MARC details
000 -LEADER
fixed length control field 00808nam a22002657a 4500
003 - CONTROL NUMBER IDENTIFIER
control field dpl
005 - DATE AND TIME OF LATEST TRANSACTION
control field 20180814123117.0
008 - FIXED-LENGTH DATA ELEMENTS--GENERAL INFORMATION
fixed length control field 180814b xxu||||| |||| 00| 0 eng d
010 ## - LIBRARY OF CONGRESS CONTROL NUMBER
LC control number A-953290
020 ## - INTERNATIONAL STANDARD BOOK NUMBER
Terms of availability 00.00
International Standard Book Number 8170581389
035 ## - SYSTEM CONTROL NUMBER
System control number A-953290, A-903607
037 ## - SOURCE OF ACQUISITION
Source of stock number/acquisition Cen Lib/Ret
040 ## - CATALOGING SOURCE
Original cataloging agency DPL
Language of cataloging EN
Transcribing agency 0
082 ## - DEWEY DECIMAL CLASSIFICATION NUMBER
Classification number 181.499
Item number AUR
100 ## - MAIN ENTRY--PERSONAL NAME
Personal name Aurobindo, Sri
9 (RLIN) 12069
245 ## - TITLE STATEMENT
Title The psychic being :
Statement of responsibility, etc by Sri aurobindo
Remainder of title selections from the works of Sri Aurobindo and The Mother /
246 ## - VARYING FORM OF TITLE
Remainder of title
260 ## - PUBLICATION, DISTRIBUTION, ETC. (IMPRINT)
Name of publisher, distributor, etc Sri Aurubindo Ashram Press
Place of publication, distribution, etc Pondichery
Date of publication, distribution, etc 1989
270 ## - ADDRESS
City Pondichery
300 ## - PHYSICAL DESCRIPTION
Extent iii,223p.
Dimensions 19cm(Hb)
500 ## - GENERAL NOTE
General note Includes bibliographical references and index
650 ## - SUBJECT ADDED ENTRY--TOPICAL TERM
Topical term or geographic name as entry element Soul
9 (RLIN) 38212
650 ## - SUBJECT ADDED ENTRY--TOPICAL TERM
Topical term or geographic name as entry element Yoga
9 (RLIN) 38213
942 ## - ADDED ENTRY ELEMENTS (KOHA)
Source of classification or shelving scheme Dewey Decimal Classification
Koha item type English Books
Classification part 181.499
Call number suffix AUR
Holdings
Withdrawn status Lost status Damaged status Not for loan Home library Current library Date acquired Source of acquisition Cost, normal purchase price Total Checkouts Total Renewals Full call number Barcode Date last seen Date checked out Copy number Cost, replacement price Price effective from Koha item type Source of classification or shelving scheme Collection code
        Central Library Central Library 27/07/2015 Cen Lib/Ret 0.00 2 1 181.499 AUR A-953290 19/07/2024 12/07/2024 1 0.00 27/07/2015 English Books    
        Central Library Central Library 08/11/2016 Cen Lib/Ret 0.00 3 3 181.499 AUR A-903603 26/11/2024 15/10/2024 2 0.00 08/11/2016 English Books Dewey Decimal Classification  
        Shahdara Branch Shahdara Branch 14/08/2018 BPPD/PUB 0.00     181.499 AUR A-903607 14/08/2018     0.00 14/08/2018 English Books Dewey Decimal Classification Non-fiction

© Delhi Public Library
Hit Counter
free hit counter